| 000 | 00515nam a2200181Ia 4500 | ||
|---|---|---|---|
| 005 | 20260429111911.0 | ||
| 008 | 260429s9999||||xx |||||||||||||| ||und|| | ||
| 020 | _a9788119671625 | ||
| 041 | _aEnglish | ||
| 082 |
_a669 _bSEL |
||
| 100 | _aSelvaraj, Senthil Kumaran | ||
| 245 | 0 |
_aEngineering materials and metallurgy / _cSenthil Kumaran Selvaraj |
|
| 260 |
_aChennai : _bNational Academic Press, _c2025. |
||
| 300 | _ax, 196 p.; hb | ||
| 650 | _aMetallurgy | ||
| 700 | _a Palanisamy, Ponnusamy | ||
| 942 | _cTB | ||
| 999 |
_c51342 _d51342 |
||